Carta a sor Filotea de la Cruz / (Record no. 39955)
[ view plain ]
| 000 -CABECERA | |
|---|---|
| campo de control de longitud fija | 00659nam a2200181 a 4500 |
| 001 - NÚMERO DE CONTROL | |
| campo de control | 000040465 |
| 005 - FECHA Y HORA DE LA ÚLTIMA TRANSACCIÓN | |
| campo de control | 20250404124919.0 |
| 008 - DATOS DE LONGITUD FIJA--INFORMACIÓN GENERAL | |
| campo de control de longitud fija | 130826s2008 mx 000 0 spa d |
| 020 ## - NÚMERO INTERNACIONAL ESTÁNDAR DEL LIBRO | |
| Número Internacional Estándar del Libro | 9703204791 |
| 040 ## - FUENTE DE LA CATALOGACIÓN | |
| Centro catalogador/agencia de origen | DO-SdBNP |
| Lengua de catalogación | spa |
| Centro/agencia transcriptor | BNPHU |
| 100 1# - ENTRADA PRINCIPAL--NOMBRE DE PERSONA | |
| Nombre de persona | Juana Inés de la Cruz, |
| Títulos y otros términos asociados al nombre | Sor, |
| Fechas asociadas al nombre | 1651-1695 |
| 9 (RLIN) | 9787 |
| 245 10 - MENCIÓN DE TÍTULO | |
| Título | Carta a sor Filotea de la Cruz / |
| Mención de responsabilidad, etc. | Sor Juana Inés de la Cruz ; presentación de Sara Poot Herrera. |
| 260 ## - PUBLICACIÓN, DISTRIBUCIÓN, ETC. | |
| Lugar de publicación, distribución, etc. | México : |
| Nombre del editor, distribuidor, etc. | Universidad Nacional Autónoma de México, |
| Fecha de publicación, distribución, etc. | 2008. |
| 300 ## - DESCRIPCIÓN FÍSICA | |
| Extensión | 92 p. ; |
| Dimensiones | 15 cm. |
| 490 1# - MENCIÓN DE SERIE | |
| Mención de serie | Pequeños grandes ensayos |
| 710 2# - PUNTO DE ACCESO ADICIONAL--NOMBRE DE ENTIDAD CORPORATIVA | |
| Nombre de entidad corporativa o nombre de jurisdicción como elemento de entrada | Universidad Nacional Autónoma de México |
| 9 (RLIN) | 42447 |
| 700 1# - PUNTO DE ACCESO ADICIONAL--NOMBRE DE PERSONA | |
| Nombre de persona | Poot Herrera, Sara |
| 9 (RLIN) | 66766 |
| Estado de retiro | Estado de pérdida | Restricciones de uso | No para préstamo | Código de colección | Localización permanente | Ubicación/localización actual | Ubicación en estantería | Fecha de adquisición | Número de inventario | Total de préstamos | Signatura topográfica completa | Código de barras | Fecha visto por última vez | Precio válido a partir de | Tipo de ítem Koha | Número de copia |
|---|---|---|---|---|---|---|---|---|---|---|---|---|---|---|---|---|
| Excluido de préstamo | Monografías: Libros y Folletos | General | General | En catalogación | 26.08.2013 | LF1 | 40465-10 | 25.06.2020 | 25.06.2020 | No se presta | ||||||
| Excluido de préstamo | Monografías: Libros y Folletos | General | General | En catalogación | 26.08.2013 | LF1 | 40465-20 | 25.06.2020 | 25.06.2020 | No se presta | e. 2 | |||||
| Préstamo interno | Monografías: Libros y Folletos | General | General | En catalogación | 26.08.2013 | LF1 | 40465-30 | 25.06.2020 | 25.06.2020 | Préstamo interno | e. 3 |
